|
|
|
|
| LEADER |
00000nab a2200000ua 4500 |
| 001 |
vtls010843025 |
| 003 |
SK-MaSNL |
| 005 |
20260303135903.0 |
| 008 |
230218s1950 xo |||||||||||||||||slo| |
| 035 |
|
|
|a (urnnbn)urn:nbn:sk:snk:ar-a07043
|
| 035 |
|
|
|a urn:nbn:sk:snk-ab657i
|
| 035 |
|
|
|a (uuid)ed526c3c-8c69-477d-b355-49e3cffcd16d
|
| 040 |
|
|
|a SNKBUCL
|b slo
|c SNKBUCL
|e AACR2
|
| 041 |
0 |
|
|a slo
|
| 044 |
|
|
|a xo
|c SK
|
| 100 |
1 |
|
|a Zorkovský, B.
|4 aut
|9 1157596
|
| 245 |
1 |
0 |
|a CHEMICKÁ POVAHA GRANÁTOV Z GRANÁTOVÝCH ANDEZITOV OD TISOVCA A ŠIATOROŠA
|c B. Zorkovský
|
| 773 |
0 |
|
|t Geologický sborník
|g Roč. 1, č. 2-3-4 (1950), s. 225-231
|
| 954 |
|
|
|a odborná, vedecká literatúra pôvodná (slovenská)
|2 lita
|
| 958 |
|
|
|a OND
|
| 958 |
|
|
|a EUIPO
|
| 958 |
|
|
|a article5
|
| 999 |
|
|
|c 1968613
|d 1970543
|